00490nam a2200133 a 450000500170000000800410001704000230005804100080008104400070008910000280009624501680012426000530029230000110034520240817052348.0140123b2007 ck ||||| |||| 00| 0 spa d cCO-BoIHaCO-BoIAVH aspa ack aRincón B., Sofía A. aLineamientos guía para la evaluación de criterios de biodiversidad en los estudios ambientales requeridos para licenciamiento ambientalbplan de capacitación aBogotábInstituto Alexander von Humboldtc2009 a206 p.